=LDR 00000nam 2200000 4500 =001 INLIS000000000037408 =005 20200407094757 =035 ##$$a 0010-061300000037408 =008 200407################g##########0#ind## =041 ##$$a Ind =082 ##$$a 2x1.4 =090 ##$$a 2x1.4, Sut m =100 ##$$a Sujana WS =245 1#$$a Mencari Al-Qur'an yang hilang , Sujana WS; Penyunting, Team WS Press /$c Sujana WS; Penyunting, Team WS Press =260 ##$$a Bekasi :$b SWS press,$c 2010 =300 ##$$a 268 hlm, : $b Ilus. ; $c 13 x 21 cm =650 #4$$a Al-Qur'an - Kumpulan Ayat - Ayat =700 #$$a Team WS Press =850 ##$$a NBPNMAT =020 ##$$a 978-979-18079-2-0 =084 ##$$a 2x1.4 SUJ m =250 ##$$a cet.1 =990 ##$$a 21106702 =990 ##$$a 0001/BPAP-NTB/20142014